000 00742pam a2200229 i 4500
999 _c1943
_d1943
003 OSt
005 20210702094507.0
008 800102s1980 mdu b 000 0 eng
020 _a0839115776
040 _cALUPE UNIVERSITY
050 1 0 _aRC439.5
_b.S54
245 0 4 _aThe Skills of career placement /
_cRichard M. Pierce ... [et al.].
260 _aBaltimore, Md. :
_bUniversity Park Press,
_cc1980.
300 _aiv, 98 p. ;
_c28 cm.
440 0 _aPsychiatric rehabilitation practice series ;
_vbook 5
504 _aBibliography: p. 97-98.
650 0 _aMentally ill
_xRehabilitation.
650 0 _aVocational rehabilitation.
700 1 _aPierce, Richard M.
906 _a7
_bcbc
_corignew
_d1
_eocip
_f19
_gy-gencatlg
942 _2lcc
_cBK
_nJO